[Event "Druzynowe Mistrzostwa Polski - II liga"]
[Site "Sypniewo k. Jastrowia"]
[Date "1899-12-30"]
[Round "7.90"]
[White "Bugaj, Hanna"]
[Black "Leszner, Liliana"]
[Result "1/2-1/2"]
[WhiteTitle "I++"]
[BlackTitle "WIM"]
[WhiteElo "1755"]
[BlackElo "1889"]

1. d4 g6 2. Nf3 Bg7 3. g3 d5 4. Bg2 Nf6 5. O-O O-O 6. Nbd2 Bf5 7. Nh4 Bd7 8. c3
Qc8 9. Re1 Bh3 10. e4 Bxg2 11. Nxg2 dxe4 12. Nxe4 Nxe4 13. Rxe4 e6 14. Bf4 Nd7
15. Qd2 Nf6 16. Re2 Rd8 17. Be5 c5 18. Rae1 cxd4 19. cxd4 Qd7 20. h4 Nd5 21. Bxg7
Kxg7 22. Qg5 Qe7 23. Qe5+ Qf6 24. Ne3 Nxe3 25. Qxf6+ Kxf6 26. fxe3 1/2-1/2

[Event "Druzynowe Mistrzostwa Polski - II liga"]
[Site "Sypniewo k. Jastrowia"]
[Date "1899-12-30"]
[Round "7.91"]
[White "Izbinski, Bartlomiej"]
[Black "Sopur, Lech"]
[Result "1/2-1/2"]
[WhiteTitle "m"]
[BlackTitle "m"]
[WhiteElo "2270"]
[BlackElo "2413"]

1. e4 e5 2. Nf3 Nc6 3. d4 exd4 4. Nxd4 Bc5 5. Nb3 Bb6 6. Nc3 Nge7 7. Qe2 O-O 8.
Be3 f5 9. O-O-O d6 10. Kb1 f4 11. Bxb6 axb6 12. Qc4+ Kh8 13. Nb5 Ng6 14. a3 Nge5
15. Qc3 f3 16. g3 Ra4 17. Qe1 Be6 18. Nc3 Ra8 19. Nd5 Qd7 20. h4 Qf7 21. Bh3 Bxh3
22. Rxh3 Rae8 23. h5 Qd7 24. Rh4 Nf7 25. Qc3 h6 26. Nf6 gxf6 27. Qxf6+ Kh7 28.
Qg6+ Kh8 29. Rf4 1/2-1/2

[Event "Druzynowe Mistrzostwa Polski - II liga"]
[Site "Sypniewo k. Jastrowia"]
[Date "1899-12-30"]
[Round "7.92"]
[White "Strzelecki, Jerzy"]
[Black "Kowalak, Piotr"]
[Result "1/2-1/2"]
[WhiteTitle "k"]
[BlackTitle "k"]
[WhiteElo "1924"]
[BlackElo "2096"]

1. Nf3 c5 2. c4 Nc6 3. Nc3 e5 4. g3 g6 5. Bg2 Bg7 6. d3 Nge7 7. Nd2 d6 8. Nf1 Be6
9. Ne3 O-O 10. O-O Rb8 11. Ned5 a6 12. Bg5 f6 13. Bd2 b5 14. Rb1 Qd7 15. Nxe7+
Nxe7 16. Nd5 f5 17. e4 f4 18. b4 g5 19. f3 h5 20. Rf2 Rfc8 21. Bf1 Kf7 22. a3
Nc6 23. Be1 Nd4 24. bxc5 dxc5 25. Bg2 Bxd5 1/2-1/2

[Event "Druzynowe Mistrzostwa Polski - II liga"]
[Site "Sypniewo k. Jastrowia"]
[Date "1899-12-30"]
[Round "7.93"]
[White "Kolodziejski, Piotr"]
[Black "Gradowski, Jacek"]
[Result "1/2-1/2"]
[WhiteTitle "I+"]
[BlackTitle "I+"]
[WhiteElo "2048"]
[BlackElo "2058"]

1. e4 e5 2. Nf3 Nc6 3. Bb5 a6 4. Bxc6 dxc6 5. O-O Bg4 6. h3 h5 7. d3 Qf6 8. Be3
Bxf3 9. Qxf3 Qxf3 10. gxf3 Bd6 11. Nd2 Ne7 12. Rfb1 f6 13. Kf1 g5 14. Ke2 Rg8
15. c3 Ng6 16. b4 Kd7 17. Rg1 a5 18. a3 h4 19. Nc4 a4 20. Rad1 b5 21. Nd2 Ke6
22. Nb1 Be7 23. Kd2 Rad8 24. Kc2 f5 25. Bxg5 fxe4 26. fxe4 Bxg5 27. Rxg5 Nf4 28.
Rxg8 Rxg8 29. Nd2 Rg2 30. Rf1 Nxh3 31. Rh1 Ng5 32. Rxh4 Rxf2 33. Rh6+ Kd7 34.
Kd1 Nf3 35. Rh7+ Kd6 36. Rh6+ Kd7 37. Rh7+ Kd6 38. Rh6+ 1/2-1/2

[Event "Druzynowe Mistrzostwa Polski - II liga"]
[Site "Sypniewo k. Jastrowia"]
[Date "1899-12-30"]
[Round "7.94"]
[White "Flis, Pawel"]
[Black "Komendecki, Jacek"]
[Result "1/2-1/2"]
[WhiteTitle "k+"]
[BlackTitle "k"]
[WhiteElo "1840"]
[BlackElo "1981"]

1. e4 c5 2. Nf3 d6 3. d4 cxd4 4. Nxd4 Nf6 5. Nc3 a6 6. Be3 e5 7. Nb3 Be7 8. f3
h5 9. Qd2 Be6 10. Nd5 Bxd5 11. exd5 Nbd7 12. c4 O-O 13. Bd3 a5 14. O-O a4 15.
Nc1 b5 16. Ne2 bxc4 17. Bxc4 Nb6 18. Rac1 Nxc4 19. Rxc4 Qa5 20. Nc3 Rfc8 21. Rxa4
Qc7 22. Rxa8 Rxa8 23. Rc1 Qb7 24. Rd1 Bd8 25. h3 Ba5 26. Kh2 Bxc3 27. bxc3 Ra4
28. Qc2 Qa6 29. Rb1 g6 30. Rb6 Qc4 31. Rc6 Rxa2 32. Qxg6+ fxg6 33. Rxc4 Nxd5 34.
Bh6 Kf7 35. Rc8 Nf4 36. Bxf4 exf4 37. h4 d5 38. Rc6 Rc2 39. Rd6 Rxc3 40. Rxd5
Kf6 41. Ra5 1/2-1/2

[Event "Druzynowe Mistrzostwa Polski - II liga"]
[Site "Sypniewo k. Jastrowia"]
[Date "1899-12-30"]
[Round "7.95"]
[White "Komendecki, Antoni"]
[Black "Kelm, Robert"]
[Result "1-0"]
[WhiteTitle "I++"]
[BlackTitle "I"]
[WhiteElo "1845"]
[BlackElo "1661"]

1. e4 c5 2. Nf3 e6 3. d4 cxd4 4. Nxd4 Nf6 5. Nc3 d6 6. Be2 Nc6 7. Be3 Be7 8. g4
a6 9. g5 Nd7 10. h4 Qc7 11. f4 Nb6 12. Nxc6 Qxc6 13. Qd4 Nd7 14. Qxg7 Rf8 15.
O-O-O Nc5 16. Qxh7 Bd7 17. g6 O-O-O 18. g7 Rg8 19. e5 f5 20. Bh5 Ne4 21. Nxe4
Qxe4 22. Bd2 Ba4 23. b3 dxe5 24. Kb1 Bf6 25. Ba5 b6 26. Rxd8+ Rxd8 27. Re1 exf4
28. Rxe4 1-0

[Event "Druzynowe Mistrzostwa Polski - II liga"]
[Site "Sypniewo k. Jastrowia"]
[Date "1899-12-30"]
[Round "7.96"]
[White "Szmacinska, Grazyna"]
[Black "Karykowska, Anna"]
[Result "1/2-1/2"]
[WhiteTitle "WIM"]
[BlackTitle "k+"]
[WhiteElo "2056"]
[BlackElo "1982"]

1. d4 Nf6 2. c4 e6 3. Nc3 Bb4 4. e3 O-O 5. Ne2 b6 6. a3 Bxc3+ 7. Nxc3 Bb7 8. Bd3
d5 9. O-O c5 10. cxd5 exd5 11. Bd2 Ba6 12. Be1 Bxd3 13. Qxd3 Nc6 14. Rd1 c4 15.
Qe2 Re8 16. f3 Qe7 17. Bf2 Rad8 18. Rfe1 Qd7 19. e4 Na5 20. e5 Nh5 21. Be3 g6
22. Qf2 a6 23. Bg5 Rb8 24. Qh4 Rec8 25. g4 Ng7 26. Bf6 Ne8 27. f4 Rc6 28. Re3
Nxf6 29. exf6 Qd8 30. Rh3 h5 31. g5 Qd7 32. Re3 Rd8 33. Re5 Rd6 34. f5 Nc6 35.
fxg6 fxg6 36. Re3 Re6 37. Rde1 Rde8 38. Qf4 Rxe3 39. Rxe3 Rxe3 40. Qxe3 Kf7 41.
h3 b5 42. Kg2 Qf5 43. Kg3 Qd3 44. Qxd3 cxd3 45. Nxd5 d2 46. Nc3 Nxd4 47. Nd1 a5
48. Kf2 b4 49. axb4 axb4 50. Ke3 Nb3 51. h4 Ke6 52. Kd3 Nc5+ 53. Kxd2 Ne4+ 54.
Kd3 Nd6 55. Ne3 b3 56. Kc3 Nf7 57. Kxb3 Ke5 58. Kc3 Kf4 59. Kd4 Kg3 60. b4 Kxh4
61. b5 Kxg5 62. Nd5 Kf5 63. b6 Ke6 64. Ne7 Nd8 65. Nxg6 Kxf6 66. Nh4 Ke6 67. Kc5
Kd7 1/2-1/2

[Event "Druzynowe Mistrzostwa Polski - II liga"]
[Site "Sypniewo k. Jastrowia"]
[Date "1899-12-30"]
[Round "7.97"]
[White "Polok, Kacper"]
[Black "Dziewonski, Dariusz"]
[Result "1-0"]
[WhiteTitle "FM"]
[BlackTitle "I++"]
[WhiteElo "2245"]
[BlackElo "2015"]

1. f4 d5 2. Nf3 g6 3. e3 Bg7 4. d4 e6 5. Bd3 Ne7 6. O-O b6 7. Qe2 Bb7 8. Bd2 c5
9. c3 h5 10. Be1 Qc7 11. Nbd2 Nd7 12. Ne5 Nxe5 13. fxe5 Rf8 14. Bh4 c4 15. Bc2
O-O-O 16. Nf3 Rde8 17. Bg5 Nf5 18. Qf2 f6 19. exf6 Bxf6 20. Bxf6 Rxf6 21. Ne5
Ref8 22. Bxf5 exf5 23. Qg3 Re6 24. Rf3 Qd6 25. Raf1 Bc6 26. Qg5 Be8 27. h3 Qd8
28. Qxd8+ Kxd8 29. g4 hxg4 30. hxg4 Ref6 31. g5 Re6 32. Rh3 b5 33. Kg2 Ra6 34.
a3 Re6 35. Kg3 Re7 36. Kf4 Rg8 37. Rfh1 Rgg7 38. Rh8 Rc7 39. Rf8 Ke7 40. Rhh8
Rc8 41. Rf6 Rc7 42. Rh6 a5 43. Nxg6+ Kd8 44. Nf8 1-0

[Event "Druzynowe Mistrzostwa Polski - II liga"]
[Site "Sypniewo k. Jastrowia"]
[Date "1899-12-30"]
[Round "7.98"]
[White "Maj, Samuel"]
[Black "Jaworski, Miroslaw"]
[Result "1/2-1/2"]
[WhiteTitle "I"]
[BlackTitle "IM"]
[WhiteElo "1839"]
[BlackElo "2185"]

1. d4 d6 2. c4 e5 3. Nf3 e4 4. Nfd2 f5 5. Nc3 Nf6 6. e3 Be7 7. Be2 O-O 8. O-O c6
9. b4 Na6 10. b5 Nc7 11. a4 Qe8 12. f3 d5 13. Qc2 Bd6 14. c5 Be7 15. Qb3 Kh8 16.
a5 a6 17. bxa6 bxa6 18. Na4 Bd8 19. Nb6 Rb8 20. Nb1 Bb7 21. Nc3 1/2-1/2

[Event "Druzynowe Mistrzostwa Polski - II liga"]
[Site "Sypniewo k. Jastrowia"]
[Date "1899-12-30"]
[Round "7.99"]
[White "Helis, Tadeusz"]
[Black "Pietrzak, Tomasz"]
[Result "1/2-1/2"]
[WhiteTitle "FM"]
[BlackTitle "I"]
[WhiteElo "2095"]
[BlackElo "1757"]

1. Nf3 d5 2. c4 d4 3. g3 Nc6 4. Bg2 e5 5. d3 Bb4+ 6. Nbd2 a5 7. O-O h6 8. a3 Bxd2
9. Bxd2 a4 10. e3 Nf6 11. exd4 exd4 12. Re1+ Be6 13. Ne5 Nxe5 14. Rxe5 O-O 15.
Bxb7 Rb8 16. Bf3 Rxb2 17. Bb4 Nd7 18. Re2 Rxe2 19. Bxe2 c5 20. Bd2 Qa8 21. Rb1
Rb8 22. Rxb8+ 1/2-1/2

[Event "Druzynowe Mistrzostwa Polski - II liga"]
[Site "Sypniewo k. Jastrowia"]
[Date "1899-12-30"]
[Round "7.100"]
[White "Piwowarczyk, Bartlomiej"]
[Black "Malinowski, Damian"]
[Result "1-0"]
[WhiteTitle "I++"]
[BlackTitle "I++"]
[WhiteElo "1884"]
[BlackElo "2012"]

1. d4 d5 2. Bf4 Nf6 3. e3 e6 4. Nd2 Bd6 5. Bg3 b6 6. Bd3 Bb7 7. Ngf3 c5 8. c3 Ne4
9. Bxd6 Qxd6 10. Bxe4 dxe4 11. Ng5 Qe7 12. Qh5 h6 13. Ngxe4 cxd4 14. exd4 O-O
15. f3 Nd7 16. O-O Rad8 17. Rfe1 Nf6 18. Nxf6+ Qxf6 19. Qe5 Qg6 20. Ne4 Bxe4 21.
Qxe4 Qg5 22. Rad1 Rd7 23. Re2 Rfd8 24. c4 b5 25. b3 bxc4 26. bxc4 Rxd4 27. Rxd4
Qc5 28. Rd2 e5 29. Qxe5 Qxe5 30. Rxd8+ Kh7 31. h3 Qe3+ 32. Kf1 Qc5 33. Rc2 Qf5
34. Rdd2 Qc5 35. a4 f6 36. h4 a6 37. Re2 Kg6 38. Red2 Kh7 39. g3 Qc6 40. Kg2 Qxa4
41. c5 Qc6 42. Rd6 Qa4 43. Rdd2 Qc6 44. h5 a5 45. g4 a4 46. Rd6 Qc7 47. c6 f5
48. gxf5 Qe7 49. Rg6 a3 50. c7 a2 51. c8=Q a1=Q 52. f6 Qaxf6 53. Rxf6 Qxf6 54.
Qg4 1-0

[Event "Druzynowe Mistrzostwa Polski - II liga"]
[Site "Sypniewo k. Jastrowia"]
[Date "1899-12-30"]
[Round "7.101"]
[White "Chrobak, Piotr"]
[Black "Soliwoda, Zygmunt"]
[Result "0-1"]
[WhiteTitle "I"]
[BlackTitle "II+"]
[WhiteElo "1692"]
[BlackElo "1593"]

1. e4 c5 2. d4 cxd4 3. c3 dxc3 4. Nxc3 Nc6 5. Nf3 d6 6. Bc4 Nf6 7. Qe2 g6 8. h3
Bg7 9. O-O O-O 10. Rd1 Bd7 11. Bf4 Rc8 12. Rac1 a6 13. a4 Qa5 14. g4 Nd8 15. e5
dxe5 16. Bxe5 Be6 17. Bxe6 Nxe6 18. g5 Nh5 19. Rd7 Bxe5 20. Nxe5 Nhf4 21. Qe3
Qc5 22. Qxc5 Rxc5 23. Ng4 Nxh3+ 24. Kg2 Nhf4+ 25. Kf3 Rxg5 26. Rxe7 Nd3 27. Rh1
Rxg4 28. Kxg4 Nxf2+ 29. Kf3 Nxh1 30. Kg2 b5 31. axb5 axb5 32. Kxh1 b4 33. Nd5
Rd8 34. Nf6+ Kg7 35. Nd7 Rc8 0-1

[Event "Druzynowe Mistrzostwa Polski - II liga"]
[Site "Sypniewo k. Jastrowia"]
[Date "1899-12-30"]
[Round "7.102"]
[White "Uliasz, Katarzyna"]
[Black "Suchanek, Paulina"]
[Result "1/2-1/2"]
[WhiteTitle "I++"]
[BlackTitle "I"]
[WhiteElo "1569"]
[BlackElo "1547"]

1. Nf3 e6 2. g3 d5 3. Bg2 c5 4. O-O Nc6 5. d3 Nge7 6. Nbd2 g6 7. e4 Bg7 8. c3 O-O
9. Re1 b6 10. Qc2 Ba6 11. h4 dxe4 12. dxe4 Bd3 13. Qb3 Na5 14. Qd1 c4 15. Bf1
Nec6 16. Bxd3 Qxd3 17. Nf1 Rad8 18. Bf4 1/2-1/2

[Event "Druzynowe Mistrzostwa Polski - II liga"]
[Site "Sypniewo k. Jastrowia"]
[Date "1899-12-30"]
[Round "8.1"]
[White "Kempinski, Tomasz"]
[Black "Kowalczyk, Pawel"]
[Result "1/2-1/2"]
[WhiteTitle "FM"]
[BlackTitle "m"]
[WhiteElo "2161"]
[BlackElo "2339"]

1. d4 a6 2. Nf3 b5 3. a4 b4 4. c3 e6 5. Bf4 Nf6 6. Nbd2 bxc3 7. bxc3 Nd5 8. Bg3
Nxc3 9. Qb3 Nd5 10. e4 Nb4 11. Rc1 c6 12. d5 a5 13. d6 Ba6 14. Bxa6 N8xa6 15.
O-O g6 16. Bh4 f6 17. e5 Bg7 18. Ne4 Nd5 19. exf6 Nxf6 20. Ne5 Nb4 21. Nc5 Ra7
22. Ncxd7 Qxd7 23. Nxd7 Kxd7 24. Bxf6 Bxf6 25. Rfe1 Re8 26. Qh3 Kxd6 27. Red1+
Nd5 28. Qa3+ Kd7 29. Qc5 Ra6 30. Rb1 Rc8 31. Rb7+ Rc7 32. Rb8 Be7 33. Qd4 c5 34.
Qh8 c4 35. Qe8+ Kd6 36. Re1 Rac6 37. Rb5 c3 38. Qf7 Kd7 39. Rxd5+ exd5 40. Qxe7+
Kc8 41. Qe8+ Kb7 42. Rb1+ Rb6 43. Rxb6+ Kxb6 44. Qb5+ Ka7 45. Qxa5+ Kb8 46. Qb4+
Kc8 47. Qf8+ 1/2-1/2

[Event "Druzynowe Mistrzostwa Polski - II liga"]
[Site "Sypniewo k. Jastrowia"]
[Date "1899-12-30"]
[Round "8.2"]
[White "Velicka, Petr"]
[Black "Paszek, Krzysztof"]
[Result "1-0"]
[WhiteTitle "GM"]
[BlackTitle "k"]
[WhiteElo "2393"]
[BlackElo "2125"]

1. e4 c5 2. Nf3 d6 3. Bb5+ Bd7 4. Bxd7+ Qxd7 5. c4 Nc6 6. Nc3 g6 7. d4 cxd4 8.
Nxd4 Bg7 9. Be3 Nf6 10. f3 O-O 11. O-O h5 12. Qd2 Rac8 13. b3 a6 14. a4 Qd8 15.
Rab1 Re8 16. Rfd1 Qa5 17. Kh1 Nd7 18. Nde2 Nde5 19. h3 Nd7 20. Nd4 Nxd4 21. Bxd4
Bxd4 22. Qxd4 Qe5 23. Qd2 Nf6 24. Qe3 Red8 25. Rd3 Qc5 26. Qh6 e6 27. Rbd1 Qe5
28. f4 Qa5 29. f5 exf5 30. Nd5 Nxd5 31. Rxd5 Rc5 32. exf5 Rxd5 33. Rxd5 Qe1+ 34.
Kh2 h4 35. Qg5 Qg3+ 36. Qxg3 hxg3+ 37. Kxg3 gxf5 38. Kf4 Kf8 39. c5 1-0

[Event "Druzynowe Mistrzostwa Polski - II liga"]
[Site "Sypniewo k. Jastrowia"]
[Date "1899-12-30"]
[Round "8.3"]
[White "Rusiniak, Slawomir"]
[Black "Szotkowski, Jakub"]
[Result "0-1"]
[WhiteTitle "I++"]
[BlackTitle "IM"]
[WhiteElo "2110"]
[BlackElo "2353"]

1. d4 Nf6 2. Nf3 d5 3. Bf4 c5 4. Bxb8 Rxb8 5. e3 e6 6. Bb5+ Bd7 7. Bxd7+ Qxd7 8.
O-O Bd6 9. Nbd2 O-O 10. c4 cxd4 11. Nxd4 dxc4 12. a4 a6 13. a5 Rbc8 14. Qc2 Rc5
15. g3 Rfc8 16. Rfc1 Qc7 17. Ne4 Nxe4 18. Qxe4 Re5 19. Qf3 Bb4 20. Ra4 Qe7 21.
Qe2 Rxa5 22. Rxa5 Bxa5 23. Rxc4 Rxc4 24. Qxc4 g6 25. h4 h5 26. Nb3 Bb4 27. g4
hxg4 28. Qxg4 Kg7 29. h5 g5 30. f4 Kh6 31. Nd4 Bc5 32. f5 Qf6 33. fxe6 Bxd4 34.
exd4 Qxe6 35. Qf3 g4 36. Qxb7 Kxh5 37. d5 Qe3+ 38. Kf1 Qf3+ 39. Ke1 g3 40. Qc7
Qf2+ 41. Kd1 g2 42. Qe5+ f5 43. Qe8+ Kh4 44. Qe7+ Kg4 45. Qg7+ Kf3 0-1

[Event "Druzynowe Mistrzostwa Polski - II liga"]
[Site "Sypniewo k. Jastrowia"]
[Date "1899-12-30"]
[Round "8.4"]
[White "Eggink, Ryszard"]
[Black "Bartkowiak, Damian"]
[Result "1-0"]
[WhiteTitle "m"]
[BlackTitle "k"]
[WhiteElo "2387"]
[BlackElo "2099"]

1. c4 Nf6 2. Nc3 e6 3. e4 d5 4. e5 d4 5. exf6 dxc3 6. bxc3 gxf6 7. d4 b6 8. Be2
Bb7 9. Bf3 Qc8 10. Nh3 Nd7 11. O-O Bd6 12. Re1 c6 13. Bh5 Ke7 14. Nf4 Bxf4 15.
Bxf4 Qg8 16. c5 Qg7 17. Bd6+ Kd8 18. a4 Rg8 19. g3 Ba6 20. Be2 Bb7 21. a5 bxc5
22. a6 Bc8 23. dxc5 Ke8 24. Bf3 1-0

[Event "Druzynowe Mistrzostwa Polski - II liga"]
[Site "Sypniewo k. Jastrowia"]
[Date "1899-12-30"]
[Round "8.5"]
[White "Walkusz, Witoslaw"]
[Black "Karwowski, Kacper"]
[Result "0-1"]
[WhiteTitle "FM"]
[BlackTitle "CM"]
[WhiteElo "2015"]
[BlackElo "2230"]

1. e4 g6 2. d4 Bg7 3. Nf3 d6 4. h3 Nf6 5. Bd3 O-O 6. O-O Nc6 7. Re1 e5 8. dxe5
Nxe5 9. Nxe5 dxe5 10. Bg5 h6 11. Be3 Nh5 12. Bc5 Re8 13. Bb5 c6 14. Qxd8 Rxd8
15. Bc4 Nf4 16. Nc3 Be6 17. Bxe6 Nxe6 18. Be3 Nd4 19. Rac1 b5 20. Ne2 Ne6 21.
Kf1 f5 22. Rcd1 f4 23. Bc1 Bf8 24. Ng1 Bb4 25. c3 Ba5 26. Nf3 Bc7 27. b3 Kf7 28.
Ba3 a5 29. Rxd8 Nxd8 30. Rd1 Ke6 31. Nh4 b4 32. Bb2 c5 33. Nxg6 Nc6 34. Rd5 Bd6
35. Nh4 a4 36. Nf5 Bf8 37. cxb4 cxb4 38. g3 axb3 39. axb3 Ra2 40. Rd2 fxg3 41.
fxg3 Na5 42. Rd5 Rxb2 43. Rxa5 Rxb3 44. Kf2 Rc3 45. Nxh6 b3 46. Ng4 Bc5+ 47. Ke2
b2 48. Rb5 Rxg3 49. Kd2 Rg1 50. Kc2 Bd4 51. Ne3 Rc1+ 0-1

[Event "Druzynowe Mistrzostwa Polski - II liga"]
[Site "Sypniewo k. Jastrowia"]
[Date "1899-12-30"]
[Round "8.6"]
[White "Krupa, Monika"]
[Black "Sikorska, Dorota"]
[Result "1/2-1/2"]
[WhiteTitle "WGM"]
[BlackTitle "I++"]
[WhiteElo "2194"]
[BlackElo "1972"]

1. e4 e5 2. Nf3 Nc6 3. d4 exd4 4. Nxd4 Nf6 5. Nxc6 bxc6 6. Bd3 d5 7. exd5 cxd5
8. O-O Be7 9. Bf4 O-O 10. Nc3 c6 11. Qf3 Bg4 12. Qg3 Qd7 13. h3 Nh5 14. Qxg4 Qxg4
15. hxg4 Nxf4 16. Rad1 Rab8 17. b3 Bf6 18. Na4 Rfe8 19. Bf5 Ne2+ 20. Kh2 Nc3 21.
Nxc3 Bxc3 22. Rd3 d4 23. Rh3 h6 24. Bd3 Re1 25. Rxe1 Bxe1 26. Rf3 a5 27. a4 Re8
28. Kg3 Re6 29. Bc4 Rf6 30. Rxf6 gxf6 31. Kf3 Kf8 32. Ke2 Bb4 33. Kd3 c5 34. Ke4
Ke7 35. Kf5 Be1 36. f3 1/2-1/2

[Event "Druzynowe Mistrzostwa Polski - II liga"]
[Site "Sypniewo k. Jastrowia"]
[Date "1899-12-30"]
[Round "8.7"]
[White "Gumula, Daniel"]
[Black "Cukrowski, Filip"]
[Result "0-1"]
[WhiteTitle "FM"]
[BlackTitle "FM"]
[WhiteElo "2163"]
[BlackElo "2382"]

1. c4 Nf6 2. Nf3 c6 3. Nc3 d5 4. e3 e6 5. b3 Nbd7 6. Qc2 Bd6 7. cxd5 exd5 8. Nd4
g6 9. Bb2 Qe7 10. Be2 a6 11. Nf3 Nc5 12. d3 O-O 13. h3 Re8 14. O-O Bf5 15. Na4
Nxa4 16. bxa4 c5 17. Rfe1 Nd7 18. Qb3 Be6 19. Qc3 f6 20. a5 Rac8 21. Rec1 Ne5
22. Rab1 Nc6 23. Qxf6 d4 24. Qxe7 Rxe7 25. Ng5 Bxa2 26. Ra1 Bd5 27. Ne4 Bxe4 28.
dxe4 dxe3 29. fxe3 Be5 30. Bc4+ Kg7 31. Bxe5+ Nxe5 32. Bd5 c4 33. Rc3 Rc5 34.
Rb1 Rb5 35. Rbc1 Rxa5 36. Bxc4 Nxc4 37. Rxc4 Rae5 38. Kf2 b5 39. Rc6 a5 40. Rb6
a4 41. Rb1 Ra7 42. R6xb5 Rxb5 43. Rxb5 a3 44. Rb1 a2 45. Ra1 Kf6 46. Kf3 Ke5 0-1

[Event "Druzynowe Mistrzostwa Polski - II liga"]
[Site "Sypniewo k. Jastrowia"]
[Date "1899-12-30"]
[Round "8.8"]
[White "Kacprzak, Karol"]
[Black "Garbowski, Jakub"]
[Result "1/2-1/2"]
[WhiteTitle "k"]
[BlackTitle "k"]
[WhiteElo "2200"]
[BlackElo "2142"]

1. e4 c5 2. Nf3 Nc6 3. d4 cxd4 4. Nxd4 Qb6 5. Nb3 Nf6 6. Nc3 e6 7. Bd3 a6 8. O-O
Be7 9. Kh1 d6 10. f4 Qc7 11. a4 b6 12. Qf3 O-O 13. Bd2 Bb7 14. Rae1 Rad8 15. Ne2
d5 16. e5 Ne4 17. Qh3 f5 18. exf6 Rxf6 19. Be3 Rh6 20. Qg4 Rg6 21. Qh3 Rh6 22.
Qg4 Rg6 23. Qh3 1/2-1/2

[Event "Druzynowe Mistrzostwa Polski - II liga"]
[Site "Sypniewo k. Jastrowia"]
[Date "1899-12-30"]
[Round "8.9"]
[White "Maciol, Ryszard"]
[Black "Kacprzak, Kacper"]
[Result "0-1"]
[WhiteTitle "k"]
[BlackTitle "k"]
[WhiteElo "2138"]
[BlackElo "2229"]

1. d4 Nf6 2. c4 e6 3. Nc3 Bb4 4. e3 O-O 5. Ne2 Re8 6. a3 Bf8 7. Ng3 d5 8. b4 a5
9. b5 c5 10. dxc5 Bxc5 11. Na4 Bf8 12. Bb2 Nbd7 13. cxd5 Nxd5 14. Be2 N7b6 15.
O-O Bd7 16. Rc1 Rc8 17. Qb3 Qh4 18. Nxb6 Nxb6 19. Bd4 a4 20. Qd3 Nd5 21. Bf3 Qe7
22. Ra1 Red8 23. e4 Nf4 24. Qe3 e5 25. Bb6 Re8 26. Rfb1 Qe6 27. Bd1 Qc4 28. Qd2
Bxb5 29. Bg4 Ra8 30. Rc1 Qd3 31. Qxd3 Nxd3 32. Rc7 Re7 33. Rc3 Nf4 34. Rb1 Bc6
35. h4 g6 36. Rd1 h5 37. Bf3 Ree8 38. Rd2 Be7 39. Nf1 Bd8 40. Bxd8 Raxd8 41. Rxd8
Rxd8 42. g3 Ne6 43. Bg2 Rd1 44. f3 Nd4 45. Kf2 Nb5 46. Re3 Ra1 47. Nd2 Ra2 48.
Rd3 Nxa3 49. Rd8+ Kg7 50. Ke3 Nc2+ 51. Ke2 Nd4+ 0-1

[Event "Druzynowe Mistrzostwa Polski - II liga"]
[Site "Sypniewo k. Jastrowia"]
[Date "1899-12-30"]
[Round "8.10"]
[White "Poltorak, Sebastian"]
[Black "Stachanczyk, Jacek"]
[Result "0-1"]
[WhiteTitle "k"]
[BlackTitle "IM"]
[WhiteElo "2264"]
[BlackElo "2152"]

1. e4 c5 2. Nc3 Nc6 3. g3 g6 4. Bg2 Bg7 5. d3 d6 6. Be3 e5 7. Qd2 Be6 8. f4 Nge7
9. Nh3 h6 10. fxe5 Nxe5 11. Nf4 Bd7 12. h3 O-O 13. Nfd5 Kh7 14. Nxe7 Qxe7 15.
Nd5 Qd8 16. O-O Bc6 17. Nf4 Qd7 18. Rad1 b5 19. b3 Qb7 20. c3 Nd7 21. Rf2 a5 22.
a3 Rae8 23. Rdf1 a4 24. b4 cxb4 25. cxb4 Ne5 26. g4 Rc8 27. Kh1 Qe7 28. Ne2 Bd7
29. Nd4 Rc7 30. Nf3 Nxf3 31. Rxf3 Be6 32. R3f2 Bb3 33. d4 Rc2 34. Qd3 Rfc8 35.
Qxb5 Bc4 36. Qxa4 Bxf1 37. Rxc2 Bxg2+ 38. Rxg2 Rc3 39. Bf2 Rxh3+ 40. Kg1 Qxe4
41. Qd1 Rxa3 42. Qe1 Qf4 43. Rg3 Rxg3+ 44. Bxg3 Bxd4+ 45. Kh2 Qxg4 46. Bxd6 Qh5+
47. Kg3 Qd5 48. Qe7 Kg7 49. b5 Qxb5 50. Qf8+ Kh7 51. Qxf7+ Bg7 52. Qc7 Qd3+ 53.
Kg2 Qf5 54. Qe7 g5 55. Bg3 h5 56. Qe2 Kh6 57. Qf2 Kg6 58. Qxf5+ Kxf5 59. Bh4 g4
60. Be1 Bf6 61. Kg3 h4+ 62. Kg2 Ke4 63. Bf2 Kd3 64. Bg1 Ke2 65. Bh2 Kd3 66. Bg3
h3+ 67. Kh1 Ke4 68. Bf2 Kf3 69. Be1 Bd4 70. Bg3 Bf2 71. Bd6 Bh4 72. Bh2 Bg5 73.
Be5 Bf4 74. Bd4 g3 0-1

[Event "Druzynowe Mistrzostwa Polski - II liga"]
[Site "Sypniewo k. Jastrowia"]
[Date "1899-12-30"]
[Round "8.11"]
[White "Rosicki, Marcin"]
[Black "Sowa, Wiktoria"]
[Result "0-1"]
[WhiteTitle "I++"]
[BlackTitle "WFM"]
[WhiteElo "2009"]
[BlackElo "2016"]

1. e4 e5 2. Nc3 Nf6 3. f4 d5 4. fxe5 Nxe4 5. Nf3 Be7 6. Qe2 f5 7. d3 Nxc3 8. bxc3
O-O 9. g3 c5 10. d4 Nc6 11. Bg2 Be6 12. O-O h6 13. Be3 Qa5 14. Rab1 Qxc3 15. Rb3
Qa5 16. Qb5 c4 17. Qxa5 Nxa5 18. Rb5 b6 19. Nd2 Rad8 20. Nb1 Nc6 21. Nc3 Nb4 22.
Rf2 Bd7 23. Rxb4 Bxb4 24. Nxd5 Ba3 25. Nf4 g5 26. Bd5+ Kg7 27. Ne6+ Bxe6 28. Bxe6
Bb2 29. Rd2 Bc3 30. Rd1 Rfe8 31. Bxc4 Rxe5 32. Bf2 Re4 33. Bd3 Bxd4 34. Bxd4+
Rexd4 35. Re1 Kf6 36. Kf2 Ra4 0-1

[Event "Druzynowe Mistrzostwa Polski - II liga"]
[Site "Sypniewo k. Jastrowia"]
[Date "1899-12-30"]
[Round "8.12"]
[White "Starosta, Martyna"]
[Black "Guzik, Jolanta"]
[Result "1/2-1/2"]
[WhiteTitle "WCM"]
[BlackTitle "WFM"]
[WhiteElo "1809"]
[BlackElo "1979"]

1. e4 d5 2. exd5 Qxd5 3. Nc3 Qa5 4. d4 Nf6 5. Bc4 c6 6. Nf3 Bf5 7. Ne5 e6 8. g4
Be4 9. f3 Bd5 10. Bd2 Bxc4 11. Nxc4 Qc7 12. Qe2 Nbd7 13. O-O-O O-O-O 14. h4 Nb6
15. Bg5 Nxc4 16. Qxc4 h6 17. Bxf6 gxf6 18. Kb1 Qf4 19. Rd3 h5 20. Ne2 Qd6 21.
g5 fxg5 22. hxg5 Qd5 23. Qxd5 exd5 24. Kc1 Bd6 25. Kd2 f6 26. f4 fxg5 27. fxg5
Rdg8 28. Rg1 h4 29. Rh3 1/2-1/2

[Event "Druzynowe Mistrzostwa Polski - II liga"]
[Site "Sypniewo k. Jastrowia"]
[Date "1899-12-30"]
[Round "8.13"]
[White "Piotrowski, Przemyslaw"]
[Black "Bebel, Arkadiusz"]
[Result "1-0"]
[WhiteTitle "FM"]
[BlackTitle "FM"]
[WhiteElo "2256"]
[BlackElo "2294"]

1. Nf3 d5 2. g3 c6 3. Bg2 Bg4 4. O-O e6 5. b3 Nf6 6. Bb2 Nbd7 7. c4 Bd6 8. d4 O-O
9. Ne5 Bf5 10. Nd3 h6 11. Nc3 Be7 12. Rc1 a5 13. e3 Nb6 14. c5 Nbd7 15. f3 Bh7
16. e4 b6 17. e5 Ne8 18. Na4 Bxd3 19. Qxd3 bxc5 20. dxc5 Nc7 21. f4 Qc8 22. Rf2
Qa6 23. Qe3 Rab8 24. Bf1 Qa7 25. Bd3 f5 26. exf6 Bxf6 27. Bb1 Bxb2 28. Nxb2 e5
29. fxe5 Rxf2 30. Qxf2 Rf8 31. Qc2 Ne6 32. Qh7+ Kf7 33. Qg6+ Ke7 34. Bf5 Ndxc5
35. Kh1 Qb8 36. Nd3 Rxf5 37. Qxf5 Nxd3 38. Qxd3 Qxe5 39. Rxc6 Ng5 40. Rc2 Ne4
41. Kg2 h5 42. Qa6 h4 43. Qxa5 h3+ 44. Kf1 Kf6 45. Qb6+ Kg5 46. Qe3+ Kg6 47. Qf4
Qe6 48. Re2 Kh7 49. g4 Qc6 50. Qe3 Qf6+ 51. Kg1 Qa1+ 52. Re1 Qxa2 53. Qxh3+ Kg8
54. Qe3 Qa5 55. Rc1 Qa6 56. h3 Qd6 57. Kg2 Qe5 58. Re1 Qb8 59. Rd1 Qe5 60. Re1
Qb8 61. Qd3 Kh8 62. Rf1 Qe5 63. Qf3 Qb2+ 64. Kh1 Qd4 65. b4 Qb2 66. Qf8+ Kh7 67.
Qf5+ g6 68. Qf7+ Kh6 69. Qf8+ Kg5 70. Qf4+ Kh4 71. g5+ 1-0

[Event "Druzynowe Mistrzostwa Polski - II liga"]
[Site "Sypniewo k. Jastrowia"]
[Date "1899-12-30"]
[Round "8.14"]
[White "Sowul, Bartosz"]
[Black "Szczepaniak, Lukasz"]
[Result "1-0"]
[WhiteTitle "k+"]
[BlackTitle "k++"]
[WhiteElo "2248"]
[BlackElo "2202"]

1. d4 f5 2. Nf3 g6 3. g3 Nf6 4. Bg2 Bg7 5. O-O O-O 6. b3 Ne4 7. Bb2 Nc6 8. Nbd2
d6 9. Ne1 Nxd2 10. Qxd2 e5 11. Bxc6 bxc6 12. dxe5 Qe8 13. Nd3 dxe5 14. Qa5 f4
15. Rfd1 Bg4 16. f3 e4 17. Bxg7 exd3 18. Rxd3 fxg3 19. Bxf8 Qxe2 20. hxg3 Rxf8
21. Re1 Qxc2 22. Rd2 Qf5 23. Qxf5 Bxf5 24. g4 Bc8 25. Re7 a5 26. Rxc7 a4 27. bxa4
Kh8 28. Rh2 h5 29. gxh5 g5 30. h6 Be6 31. Re2 Rf6 32. Rxc6 1-0